| 000 | 00404nam a2200157Ia 4500 | ||
|---|---|---|---|
| 008 | 230917s9999||||xx |||||||||||||| ||und|| | ||
| 020 | _cPOU2.95 | ||
| 040 |
_e4048 _aMAIN |
||
| 041 | _aEnglish | ||
| 082 | _a309.1 W21O | ||
| 100 | _aWard, Barbara | ||
| 245 | 0 | _aOnly one earth: The care and maintenance of a small planet | |
| 260 |
_aMiddlesex _bPenguin Books _c1982 |
||
| 300 | _a304 p. | ||
| 942 | _cBK | ||
| 999 |
_c43122 _d43122 |
||